| 000 | 01259nam0a2200301 4500 | ||
|---|---|---|---|
| 001 | RU\NLR\bibl\559460 | ||
| 005 | 20260607043237.0 | ||
| 010 |
_a5-94355-173-5 _91000 |
||
| 021 |
_aRU _b2004-47754 _92355 |
||
| 035 | _a(NLR Aleph) 000551590 | ||
| 090 |
_a1475958 _c1475958 |
||
| 100 | _a20041006d2004 |||y0rusy50 ca | ||
| 101 | 1 |
_arus _ceng |
|
| 102 | _aRU | ||
| 105 | _aa ||||||||| | ||
| 200 | 1 |
_aБиография божественной инкарнации _e[О Парама Пудже Шри Ганапати Сатчидананде Свамиджи _fПер. с англ. Татьяна Барклаева _gСост. д-р Патиконда Вишвамбхара Натх] |
|
| 210 |
_aМ. _cАмрита-Русь _d2004 |
||
| 215 |
_a318 с.,[8] л. ил., цв. ил. _d21 |
||
| 606 | 0 |
_aЙога _91123715 _3RU\NLR\auth\66125824 |
|
| 686 | _aЭ331-3-340.2 | ||
| 702 | 0 |
_4570 _7ca _8rus _aГанапати Сатчидананда _f1942- _94917 _3RU\NLR\auth\7721856 |
|
| 702 | 1 |
_4220 _7ca _8rus _aНатх _bП. В. _gПатиконда Вишвамбхара _94918 _3RU\NLR\auth\7721857 |
|
| 801 | 0 |
_aRU _bNLR _c20041006 _gPSBO |
|
| 801 | 1 |
_aRU _bNLR _c20041006 |
|
| 942 | _cBOOK | ||
| 980 | _aNB | ||